000 00351nam a2200145Ia 4500
008 230917s9999||||xx |||||||||||||| ||und||
040 _e187202
_aMAIN
041 _aEnglish
082 _a657.45 G959C
100 _aGupta, Kamal
245 0 _aContemporary auditing
260 _aNew Delhi
_bTata McGraw-Hill
_c1978
300 _a586 p.
942 _cBK
999 _c192812
_d192812